[Event "GER-ch 79th"]
[Site "Bad Woerishofen "]
[Date "2008.02.17"]
[Round "3"]
[White "Tabatt, Hendrik"]
[Black "Krause, Ullrich"]
[Result "0-1"]
[WhiteElo "2310"]
[BlackElo "2279"]
[EventDate "2008.02.15"]
[PlyCount "86"]

1. d4 f5 2. Nf3 Nf6 3. Bg5 e6 4. Nbd2 Be7 5. e3 O-O 6. Bd3 d5 7. c4 c6 8. Qc2 Ne4 9. Bxe7 Qxe7 10. Rb1 a5 11. Ne5 Nd7 12. Nxd7 Bxd7 13. O-O Nxd2 14. Qxd2 Qf6 15. b4 axb4 16. Rxb4 Bc8 17. f4 Kh8 18. a4 h6 19. g3 g5 20. c5 Rg8 21. Kh1 Rg7 22. Qf2 g4 23. Ra1 h5 24. a5 h4 25. Kg1 Rh7 26. Bf1 hxg3 27. hxg3 Qd8 28. Rb6 Qc7 29. Qb2 Kg7 30. Be2 Rh3 31. Kg2 Kf6 32. Qc1 Qh7 33. Qg1 Bd7 34. Rf1 Rh8 35. Kf2 Rh2+ 36. Ke1 Qh3 37. Rxb7 Rg2 38. Kd2 Rxg1 39. Rxg1 Qh2 40. Re1 Ra8 41. Rxd7 Rxa5 42. Kc3 Ra2 43. Kd3 Qg2 0-1

[Event "GER-ch 79th"]
[Site "Bad Woerishofen "]
[Date "2008.02.18"]
[Round "4"]
[White "Bastian, Herbert"]
[Black "Salov, Sergej"]
[Result "1-0"]
[WhiteElo "2385"]
[BlackElo "2282"]
[EventDate "2008.02.15"]
[PlyCount "185"]

1. e4 c5 2. Nc3 e6 3. g3 d5 4. Bg2 d4 5. Nce2 d3 6. cxd3 Qxd3 7. Nf3 Nc6 8. e5 Nge7 9. b3 b6 10. O-O Bb7 11. Bb2 Rd8 12. Nf4 Qd7 13. Re1 Nf5 14. Nh5 Be7 15. g4 Nh4 16. Nxg7+ Kf8 17. Nxh4 Bxh4 18. Nh5 Qxd2 19. Qe2 Qxe2 20. Rxe2 Ba6 21. Re4 Bxf2+ 22. Kxf2 Rd2+ 23. Kg3 Rxb2 24. Ra4 Na5 25. Rd1 Ke7 26. Rf4 Rxa2 27. Rxf7+ Kxf7 28. Rd7+ Kf8 29. Rd8+ Ke7 30. Rxh8 Bd3 31. Nf6 Nxb3 32. Re8+ Kf7 33. Rd8 Bb5 34. Be4 Nd4 35. Rh8 Ra3+ 36. Kh4 Nf3+ 37. Bxf3 Rxf3 38. Rxh7+ Kg6 39. Rh8 Re3 40. Ra8 Rxe5 41. Nh5 Be2 42. Rxa7 Rxh5+ 43. gxh5+ Bxh5 44. Ra6 Bf3 45. Rxb6 Bd5 46. Kg4 c4 47. Rb8 Be4 48. Kf4 Bf5 49. Rg8+ Kh5 50. Rg3 Kh4 51. Rg8 Kh5 52. Rc8 Bd3 53. Rc6 e5+ 54. Kxe5 Kg5 55. Rc8 Be2 56. Rg8+ Kh6 57. Rg3 Bd3 58. Kf4 Be2 59. Rh3+ Kg6 60. Ra3 Bd3 61. Ra6+ Kh5 62. Rc6 Bf1 63. Rc8 Bd3 64. h4 Be2 65. Kg3 Kg6 66. Rc6+ Kh5 67. Rc5+ Kh6 68. Kf2 Bd3 69. Kf3 Bf1 70. Re5 Bd3 71. Re3 Kh5 72. Kg3 Bc2 73. Re5+ Kh6 74. h5 Bd1 75. Kh4 c3 76. Re6+ Kg7 77. Rc6 c2 78. Kg5 c1=Q+ 79. Rxc1 Bb3 80. Rc7+ Kh8 81. Kh6 Bg8 82. Rg7 Bc4 83. Rh7+ Kg8 84. Rc7 Be6 85. Re7 Bc4 86. Re8+ Kf7 87. Rd8 Be6 88. Kh7 Bf5+ 89. Kh8 Bg4 90. h6 Kg6 91. h7 Kf7 92. Rd2 Be6 93. Rd6 1-0

[Event "GER-ch 79th"]
[Site "Bad Woerishofen "]
[Date "2008.02.18"]
[Round "4"]
[White "Buhmann, Rainer"]
[Black "Markgraf, Alexander"]
[Result "1-0"]
[WhiteElo "2570"]
[BlackElo "2442"]
[EventDate "2008.02.15"]
[PlyCount "79"]

1. Nf3 f5 2. c4 Nf6 3. g3 g6 4. Bg2 Bg7 5. O-O O-O 6. d4 d6 7. Nc3 Qe8 8. Re1 Qf7 9. b3 Ne4 10. Bb2 c5 11. e3 Nc6 12. Qc2 Nxc3 13. Bxc3 e5 14. dxe5 dxe5 15. Ng5 Qe7 16. Bd5+ Kh8 17. Bxc6 Qxg5 18. Bd5 Qe7 19. Rad1 Rb8 20. Qb2 e4 21. b4 Bxc3 22. Qxc3+ Qg7 23. Qa3 cxb4 24. Qxa7 Bd7 25. Qb6 Ba4 26. Rb1 Bc2 27. Rxb4 Bd3 28. Rc1 h5 29. h4 g5 30. hxg5 Qxg5 31. Qd6 h4 32. Rxb7 Rbe8 33. Bf7 Rd8 34. Qe5+ Qg7 35. Qxf5 hxg3 36. Qf4 Qh7 37. fxg3 Be2 38. Qe5+ Qg7 39. Qxg7+ Kxg7 40. Bh5+ 1-0

[Event "GER-ch 79th"]
[Site "Bad Woerishofen "]
[Date "2008.02.18"]
[Round "4"]
[White "Chevelevitch, Evgueni"]
[Black "Baramidze, David"]
[Result "1/2-1/2"]
[WhiteElo "2456"]
[BlackElo "2582"]
[EventDate "2008.02.15"]
[PlyCount "51"]

1. e4 e5 2. Nf3 Nc6 3. Bb5 a6 4. Ba4 Nf6 5. O-O Be7 6. Re1 b5 7. Bb3 d6 8. c3 O-O 9. h3 Nb8 10. d4 Nbd7 11. Nbd2 Bb7 12. Bc2 Re8 13. Nf1 d5 14. exd5 exd4 15. Nxd4 Nxd5 16. Ne3 Nxe3 17. Bxe3 g6 18. Nb3 c5 19. Na5 Ra7 20. Nxb7 Rxb7 21. Qd5 Qc8 22. Rad1 Nb6 23. Qf3 Bf8 24. Bg5 Rd7 25. Rxe8 Qxe8 26. Rxd7 1/2-1/2

[Event "GER-ch 79th"]
[Site "Bad Woerishofen "]
[Date "2008.02.18"]
[Round "4"]
[White "Goy, Udo"]
[Black "Tabatt, Hendrik"]
[Result "0-1"]
[WhiteElo "2282"]
[BlackElo "2310"]
[EventDate "2008.02.15"]
[PlyCount "80"]

1. d4 Nf6 2. Nf3 c5 3. d5 b5 4. Bg5 e6 5. e4 Bb7 6. Nbd2 Qa5 7. Bxf6 gxf6 8. a4 bxa4 9. Bc4 Bg7 10. O-O O-O 11. c3 Qb6 12. Qxa4 f5 13. exf5 exd5 14. Be2 Re8 15. Rfe1 Nc6 16. Qg4 Ne5 17. Nxe5 Rxe5 18. Bd3 Rae8 19. Rxe5 Rxe5 20. Nf3 Re8 21. Rb1 h6 22. h4 Kf8 23. Qf4 Ba8 24. Ra1 Qxb2 25. Rxa7 Qxc3 26. Qd6+ Kg8 27. Qxd7 Rf8 28. Bf1 Qf6 29. Ra6 Qd8 30. Qa7 c4 31. Qc5 Qc8 32. Qb6 Qxf5 33. Qa5 Bb7 34. Rb6 Qd7 35. Qb4 Bc8 36. Be2 Qa7 37. Qb5 Qa1+ 38. Kh2 Be6 39. Ng1 Bd4 40. Nh3 Bxb6 0-1

[Event "GER-ch 79th"]
[Site "Bad Woerishofen "]
[Date "2008.02.18"]
[Round "4"]
[White "Gschnitzer, Oswald"]
[Black "Meister, Jakob [RUS]"]
[Result "0-1"]
[WhiteElo "2408"]
[BlackElo "2491"]
[EventDate "2008.02.15"]
[PlyCount "100"]

1. d4 d5 2. c4 dxc4 3. Nf3 Nf6 4. e3 g6 5. Bxc4 Bg7 6. Nc3 O-O 7. O-O c5 8. d5 Bg4 9. e4 Nbd7 10. Be2 Bxf3 11. Bxf3 Ne8 12. a4 Nd6 13. Re1 a6 14. Bf4 Ne5 15. Be2 Qa5 16. Bg5 f6 17. Bh4 Qb4 18. Qc2 c4 19. f4 Nef7 20. Bf2 Rac8 21. Bg4 f5 22. Bh3 Qb3 23. Qxb3 cxb3 24. exf5 gxf5 25. Rxe7 Rxc3 26. bxc3 Bxc3 27. Rb1 b2 28. Re3 Rc8 29. Rd3 Bf6 30. g4 Rc1+ 31. Rd1 Rc4 32. a5 Rxf4 33. gxf5 Ra4 34. Bb6 Ra1 35. Bf1 Ra4 36. Bd3 Kf8 37. Rd2 Ne5 38. Rdxb2 Nxd3 39. Rd2 Ne5 40. Re2 Rc4 41. Ba7 Nb5 42. Bb8 Nd7 43. Bg3 Rd4 44. d6 Nc3 45. Re7 Bxe7 46. dxe7+ Kxe7 47. Rxb7 Kf6 48. Be1 Rd1 49. Kf2 Nb5 50. Ke2 Rd5 0-1

[Event "GER-ch 79th"]
[Site "Bad Woerishofen "]
[Date "2008.02.18"]
[Round "4"]
[White "Kachiani Gersinska, Ketino"]
[Black "Kesten, Sebastian"]
[Result "1-0"]
[WhiteElo "2395"]
[BlackElo "2048"]
[EventDate "2008.02.15"]
[PlyCount "101"]

1. d4 Nf6 2. c4 g6 3. Nc3 Bg7 4. e4 d6 5. Be2 O-O 6. Bg5 Na6 7. Qd2 e5 8. d5 Nc5 9. f3 a5 10. h4 c6 11. g4 cxd5 12. cxd5 a4 13. h5 Qa5 14. h6 Bh8 15. Nh3 Bd7 16. Nf2 Rfc8 17. Rb1 b5 18. Ncd1 b4 19. Ne3 Bb5 20. Bxb5 Qxb5 21. Qe2 Qb8 22. O-O Nfd7 23. Rfc1 Bf6 24. Bxf6 Nxf6 25. Rc4 Ra7 26. Qd2 b3 27. a3 Rac7 28. Rbc1 Qa7 29. Kg2 Qa6 30. Nd3 Nxd3 31. Qxd3 Nd7 32. Rxc7 Qxd3 33. Rxc8+ Nf8 34. Nd1 Qd2+ 35. Nf2 Qxh6 36. R1c4 Qd2 37. Rxa4 Kg7 38. Ra7 h5 39. Rcc7 h4 40. Rxf7+ Kg8 41. Rg7+ Kh8 42. Rgf7 Kg8 43. Rf6 h3+ 44. Kg3 Qg5 45. Rff7 Qd2 46. Nxh3 Qe1+ 47. Kg2 Qd2+ 48. Nf2 Qxb2 49. Rf6 Qa1 50. Ra8 g5 51. Raxf8+ 1-0

[Event "GER-ch 79th"]
[Site "Bad Woerishofen "]
[Date "2008.02.18"]
[Round "4"]
[White "Krause, Ullrich"]
[Black "Levin, Felix"]
[Result "0-1"]
[WhiteElo "2279"]
[BlackElo "2563"]
[EventDate "2008.02.15"]
[PlyCount "86"]

1. Nf3 Nf6 2. g3 g6 3. Bg2 Bg7 4. O-O d5 5. d4 O-O 6. Bf4 c5 7. Nc3 cxd4 8. Nxd4 Nc6 9. Nxc6 bxc6 10. Be5 Bh6 11. Bxf6 exf6 12. e3 Rb8 13. Rb1 f5 14. Ne2 Ba6 15. Re1 Qd6 16. c3 Rfd8 17. Qc2 Bc4 18. b3 Ba6 19. Rbd1 Bg7 20. Rd2 Qc5 21. Rc1 h5 22. h4 Bf6 23. Bf3 Qb6 24. Nd4 c5 25. Nxf5 gxf5 26. Qxf5 Qe6 27. Rxd5 Rxd5 28. Qxd5 Qxd5 29. Bxd5 Bb7 30. c4 Bc8 31. Rd1 Bg4 32. f3 Bf5 33. Kf1 a5 34. e4 Bh3+ 35. Ke2 Bd4 36. Bc6 Rb6 37. Bd5 Rg6 38. a3 Rxg3 39. b4 Rg2+ 40. Kd3 Ra2 41. bxc5 Bxc5 42. e5 Bf5+ 43. Kc3 a4 0-1

[Event "GER-ch 79th"]
[Site "Bad Woerishofen "]
[Date "2008.02.18"]
[Round "4"]
[White "Neerforth, Philipp"]
[Black "Pajeken, Wolfgang"]
[Result "1/2-1/2"]
[WhiteElo "2258"]
[BlackElo "2351"]
[EventDate "2008.02.15"]
[PlyCount "115"]

1. Nf3 c5 2. c4 Nc6 3. d4 cxd4 4. Nxd4 Qb6 5. e3 e6 6. Be2 Nf6 7. O-O Bc5 8. Nb3 Be7 9. Nc3 O-O 10. c5 Qc7 11. e4 b6 12. cxb6 Qxb6 13. Be3 Qb8 14. f4 d6 15. Rc1 Bb7 16. Bf3 Rc8 17. Qd2 a5 18. Na4 Nd7 19. e5 d5 20. Nbc5 Nxc5 21. Nxc5 Bxc5 22. Rxc5 a4 23. Rfc1 Na5 24. Qb4 Rxc5 25. Rxc5 Nc6 26. Qc3 Ne7 27. g4 Qd8 28. Bd4 h5 29. g5 g6 30. Rc7 Ba6 31. Qc5 Nf5 32. Bf2 Bc4 33. a3 Bd3 34. Bd1 Qe8 35. Qc3 Bc4 36. Bc2 Qb8 37. Rc5 Ne7 38. Bd4 Qb7 39. Qb4 Qa6 40. Rc7 Nc6 41. Qc5 Nxd4 42. Qxd4 Qb5 43. Kf2 Rb8 44. f5 Qxb2 45. Rc8+ Kg7 46. f6+ Kh7 47. Qxb2 Rxb2 48. Rc7 Rxc2+ 49. Ke3 Re2+ 50. Kd4 Re4+ 51. Kc5 Rxe5 52. Rxf7+ Kg8 53. Rg7+ Kf8 54. h4 Re4 55. Ra7 Rxh4 56. Ra8+ Kf7 57. Ra7+ Kf8 58. Ra8+ 1/2-1/2

[Event "GER-ch 79th"]
[Site "Bad Woerishofen "]
[Date "2008.02.18"]
[Round "4"]
[White "Reuss, Andreas"]
[Black "Huschenbeth, Niclas"]
[Result "1/2-1/2"]
[WhiteElo "2326"]
[BlackElo "2437"]
[EventDate "2008.02.15"]
[PlyCount "49"]

1. d4 Nf6 2. Nf3 g6 3. c3 Bg7 4. Bg5 d6 5. Nbd2 O-O 6. e3 Qe8 7. Bd3 e5 8. Qc2 b6 9. O-O Bb7 10. e4 h6 11. Bh4 Nh5 12. Rfe1 Nc6 13. dxe5 dxe5 14. Bb5 a6 15. Ba4 b5 16. Bb3 Bf6 17. a4 Qe7 18. Bxf6 Nxf6 19. axb5 axb5 20. Qd3 Qc5 21. Bc2 Ng4 22. Qe2 b4 23. Nb3 Qb6 24. h3 Nf6 25. Nfd2 1/2-1/2

[Event "GER-ch 79th"]
[Site "Bad Woerishofen "]
[Date "2008.02.18"]
[Round "4"]
[White "Riegler, Dieter"]
[Black "Namyslo, Holger"]
[Result "1/2-1/2"]
[WhiteElo "2155"]
[BlackElo "2327"]
[EventDate "2008.02.15"]
[PlyCount "82"]

1. d4 d5 2. c4 e6 3. Nc3 c6 4. cxd5 exd5 5. Qc2 g6 6. Bf4 Bf5 7. Qd2 Nf6 8. e3 Bd6 9. Bxd6 Qxd6 10. Bd3 Bxd3 11. Qxd3 O-O 12. Nf3 Nbd7 13. O-O Rfe8 14. Rab1 a5 15. Qc2 Kg7 16. Ne2 Ne4 17. Nf4 h6 18. Nd3 Qe7 19. Rbe1 a4 20. Nfe5 a3 21. Nxd7 Qxd7 22. b4 Qe7 23. Rb1 Nd6 24. Ne5 Qe6 25. Rfc1 Rec8 26. Rb3 b5 27. Qc3 f6 28. Nf3 Nc4 29. Nd2 Qe8 30. Nxc4 dxc4 31. Rxa3 Rxa3 32. Qxa3 Ra8 33. Qb2 Qc8 34. a3 Qa6 35. Rc3 Qa4 36. Qc1 h5 37. h4 Qa7 38. g3 Qe7 39. Qb1 Qe6 40. Qd1 Qf5 41. Kg2 Qe6 1/2-1/2

[Event "GER-ch 79th"]
[Site "Bad Woerishofen "]
[Date "2008.02.18"]
[Round "4"]
[White "Rotstein, Arkadij"]
[Black "Paehtz, Elisabeth"]
[Result "1/2-1/2"]
[WhiteElo "2548"]
[BlackElo "2420"]
[EventDate "2008.02.15"]
[PlyCount "84"]

1. d4 d5 2. c4 c6 3. e3 Nf6 4. Nf3 Bg4 5. h3 Bxf3 6. Qxf3 e6 7. Nc3 Nbd7 8. Bd3 Bd6 9. O-O O-O 10. e4 dxc4 11. Bxc4 e5 12. d5 cxd5 13. exd5 Rc8 14. Bb3 Re8 15. Bg5 e4 16. Qe2 h6 17. Be3 a6 18. Rac1 Qe7 19. Bd4 Bf4 20. Rcd1 Bc7 21. Bc2 Qd6 22. g3 Bb6 23. Qe3 Qb4 24. Ba4 Bxd4 25. Rxd4 Qxb2 26. Nxe4 b5 27. Bb3 Nxe4 28. Rxe4 Rxe4 29. Qxe4 Qe5 30. Qb4 Rc3 31. Kg2 Nc5 32. d6 Nxb3 33. axb3 Rd3 34. Re1 Qxd6 35. Re8+ Kh7 36. Qe4+ Qg6 37. Qa8 Qf5 38. Rh8+ Kg6 39. Qxa6+ Qe6 40. Qb7 Rxb3 41. Ra8 Kh7 42. Ra7 Rb1 1/2-1/2

[Event "GER-ch 79th"]
[Site "Bad Woerishofen "]
[Date "2008.02.18"]
[Round "4"]
[White "Schuetze, Norman"]
[Black "Siebrecht, Sebastian"]
[Result "1/2-1/2"]
[WhiteElo "2317"]
[BlackElo "2487"]
[EventDate "2008.02.15"]
[PlyCount "34"]

1. e4 c5 2. Nf3 e6 3. d4 cxd4 4. Nxd4 a6 5. Be2 Nf6 6. Nc3 d6 7. O-O Be7 8. f4 O-O 9. a4 Qc7 10. Kh1 Bd7 11. Bf3 Nc6 12. Nb3 Rac8 13. a5 Nb4 14. Be3 e5 15. Rf2 Rfe8 16. Rd2 Be6 17. Ra4 Bxb3 1/2-1/2

[Event "GER-ch 79th"]
[Site "Bad Woerishofen "]
[Date "2008.02.18"]
[Round "4"]
[White "Tischbierek, Raj"]
[Black "Jorczik, Julian Marcel"]
[Result "1/2-1/2"]
[WhiteElo "2487"]
[BlackElo "2286"]
[EventDate "2008.02.15"]
[PlyCount "86"]

1. g3 g6 2. Bg2 Bg7 3. d4 Nf6 4. e4 d6 5. Nc3 O-O 6. Nge2 e5 7. h3 Nc6 8. Be3 Nd7 9. O-O exd4 10. Nxd4 Nde5 11. Nxc6 bxc6 12. Rb1 c5 13. Qc1 Rb8 14. Bh6 Bxh6 15. Qxh6 f5 16. Qe3 Qf6 17. b3 f4 18. gxf4 Qxf4 19. Qxf4 Rxf4 20. Nd5 Nf3+ 21. Kh1 Rf7 22. Bxf3 Rxf3 23. Kg2 Rf7 24. f4 c6 25. Nc3 d5 26. Kg3 Ba6 27. Rf2 dxe4 28. Nxe4 c4 29. Re1 cxb3 30. axb3 Rbf8 31. Ng5 Rc7 32. Re5 Bc8 33. Rfe2 h6 34. Ne6 Bxe6 35. Rxe6 Kg7 36. Rd2 Rf6 37. Rdd6 Rxe6 38. Rxe6 c5 39. Ra6 c4 40. b4 c3 41. Kf3 Rb7 42. Ke3 g5 43. fxg5 hxg5 1/2-1/2

[Event "GER-ch 79th"]
[Site "Bad Woerishofen "]
[Date "2008.02.18"]
[Round "4"]
[White "Wehner, Janis"]
[Black "Schlenker, Joerg"]
[Result "1-0"]
[WhiteElo "2184"]
[BlackElo "2297"]
[EventDate "2008.02.15"]
[PlyCount "111"]

1. e4 g6 2. d4 Bg7 3. Nf3 d6 4. Nc3 Bg4 5. Be2 Nc6 6. Be3 e5 7. dxe5 Bxf3 8. Bxf3 Nxe5 9. Be2 Ne7 10. O-O f5 11. Bg5 Qd7 12. Bxe7 Qxe7 13. exf5 O-O-O 14. Nd5 Qf7 15. f4 Nc6 16. c3 gxf5 17. Qb3 Qg6 18. Bf3 Rhe8 19. Qc4 Rd7 20. b4 Ne7 21. b5 Kd8 22. Rad1 c5 23. bxc6 Nxc6 24. Rd3 Re6 25. Ne3 Ne7 26. Rfd1 Bf8 27. Qb3 Nc6 28. Qb5 Qe8 29. Kf2 Kc7 30. Nxf5 a6 31. Qd5 Kb8 32. Bh5 Qxh5 33. Qxe6 Rf7 34. Nxd6 Qc5+ 35. Kg3 Rg7+ 36. Kf3 Qh5+ 37. Kf2 Qxh2 38. Qh3 Qxf4+ 39. Rf3 Qxd6 40. Rxd6 Bxd6 41. Qe6 Bc5+ 42. Kf1 Re7 43. Qg8+ Ka7 44. Rf7 Re3 45. Qc8 Be7 46. Rxh7 Kb6 47. Kf2 Re5 48. g4 a5 49. Kg3 a4 50. c4 Re2 51. g5 Bd6+ 52. Kf3 Re7 53. Rxe7 Nxe7 54. Qe6 Kc7 55. g6 Nc6 56. Ke4 1-0

[Event "GER-ch 79th"]
[Site "Bad Woerishofen "]
[Date "2008.02.18"]
[Round "4"]
[White "Zude, Arno"]
[Black "Schunk, Thomas"]
[Result "1-0"]
[WhiteElo "2452"]
[BlackElo "2284"]
[EventDate "2008.02.15"]
[PlyCount "81"]

1. e4 g6 2. d4 Bg7 3. Nc3 c6 4. f4 d6 5. Nf3 Nf6 6. Bd3 O-O 7. O-O b5 8. Qe2 Qb6 9. Kh1 b4 10. Na4 Qa5 11. b3 Ba6 12. Bd2 Bxd3 13. cxd3 Qb5 14. Rac1 Na6 15. e5 Nd5 16. Ng5 Nac7 17. Rc4 a5 18. Rfc1 Ra6 19. Ne4 Ne8 20. Qf3 Ndc7 21. Qh3 f5 22. Ng5 h6 23. Nf3 Kh7 24. Qh4 Nd5 25. Ng5+ Kg8 26. Ne6 Rf7 27. Nd8 Rf8 28. Nxc6 Rxc6 29. Rxc6 Qxd3 30. Qf2 g5 31. R6c4 Nxf4 32. Bxf4 gxf4 33. Re1 f3 34. Nb2 Qe4 35. Rxe4 fxe4 36. gxf3 Rxf3 37. Qh4 e3 38. Rc8 e2 39. Rxe8+ Bf8 40. Qg4+ Kh8 41. Rxf8+ 1-0

[Event "GER-ch 79th"]
[Site "Bad Woerishofen "]
[Date "2008.02.19"]
[Round "5"]
[White "Baramidze, David"]
[Black "Buhmann, Rainer"]
[Result "1-0"]
[WhiteElo "2582"]
[BlackElo "2570"]
[EventDate "2008.02.15"]
[PlyCount "179"]

1. e4 e6 2. d4 d5 3. Nc3 Nf6 4. e5 Nfd7 5. f4 c5 6. Nf3 Nc6 7. Be3 cxd4 8. Nxd4 Bc5 9. Qd2 O-O 10. O-O-O a6 11. Nb3 b6 12. h4 Bb7 13. h5 Rc8 14. Rh3 Bb4 15. h6 g6 16. a3 Be7 17. Ne4 Ndxe5 18. fxe5 dxe4 19. Qf2 Qc7 20. Bxb6 Qxe5 21. Rd7 Rb8 22. Bc7 Qg5+ 23. Nd2 Bc5 24. Qf4 Qxf4 25. Bxf4 e5 26. Nxe4 exf4 27. Nxc5 Ba8 28. Nxa6 Rbc8 29. Rc3 Ne5 30. Rxc8 Rxc8 31. Rd4 g5 32. Nc7 Bb7 33. Nd5 Kf8 34. Nf6 Ke7 35. Ne4 Rg8 36. Ra4 Bc6 37. Ra5 Ke6 38. Nc5+ Kd6 39. Nd3 Nxd3+ 40. Bxd3 g4 41. Ra6 Kd7 42. Ra7+ Ke6 43. Bc4+ Ke5 44. Rxf7 g3 45. Rxh7 Rc8 46. Re7+ Kd4 47. h7 Rh8 48. Bg8 Bxg2 49. Kd2 Kc5 50. Rf7 f3 51. b4+ Kd6 52. c4 f2 53. c5+ Ke5 54. Ke2 Bc6 55. Kf1 Bb5+ 56. Kg2 Kd4 57. c6 Bxc6+ 58. Kxg3 Bd5 59. Rf4+ Ke5 60. Bxd5 Kxd5 61. Kxf2 Rxh7 62. Rf5+ Kc4 63. Ra5 Re7 64. b5 Kc5 65. a4 Re4 66. Ra6 Re7 67. Kf3 Re8 68. Kf4 Re1 69. Kf5 Re8 70. Kf6 Re4 71. Rc6+ Kd5 72. Ra6 Kc5 73. Kf7 Re3 74. Rc6+ Kd5 75. Rg6 Ra3 76. Ke7 Rxa4 77. Rg5+ Kc4 78. Kd6 Ra8 79. b6 Rh8 80. Rf5 Rh6+ 81. Kc7 Rh7+ 82. Kc8 Rh8+ 83. Kb7 Rh7+ 84. Ka6 Rh6 85. Ka7 Rh8 86. b7 Rh7 87. Ka8 Kd4 88. b8=Q Rh4 89. Qe5+ Kd3 90. Rf3+ 1-0

[Event "GER-ch 79th"]
[Site "Bad Woerishofen "]
[Date "2008.02.19"]
[Round "5"]
[White "Braun, Arik"]
[Black "Fridman, Daniel"]
[Result "0-1"]
[WhiteElo "2536"]
[BlackElo "2628"]
[EventDate "2008.02.15"]
[PlyCount "88"]

1. d4 d5 2. c4 c6 3. Nf3 Nf6 4. Nc3 e6 5. Bg5 Nbd7 6. e3 Qa5 7. cxd5 Nxd5 8. Qd2 Bb4 9. Rc1 h6 10. Bh4 c5 11. a3 Bxc3 12. bxc3 b6 13. Bd3 Ba6 14. O-O cxd4 15. Bxa6 Qxa6 16. Qxd4 O-O 17. e4 Nf4 18. Qxd7 Ne2+ 19. Kh1 Nxc1 20. Rxc1 Qxa3 21. Qd2 Rac8 22. Nd4 a6 23. f4 Rc4 24. e5 b5 25. Ne2 Qc5 26. h3 a5 27. Rf1 b4 28. cxb4 axb4 29. Ng3 Rc8 30. Kh2 Rc2 31. Qd3 Qc3 32. Qe4 b3 33. Rf3 Qc4 34. Qxc4 R8xc4 35. Rxb3 Rxf4 36. Be7 Rff2 37. h4 Rxg2+ 38. Kh3 Rh2+ 39. Kg4 Rc7 40. Bd8 Rc4+ 41. Kf3 Rd4 42. Rb8 Rd3+ 43. Kf4 Kh7 44. Nh5 Rxd8 0-1

[Event "GER-ch 79th"]
[Site "Bad Woerishofen "]
[Date "2008.02.19"]
[Round "5"]
[White "Graf, Felix"]
[Black "Goy, Udo"]
[Result "1-0"]
[WhiteElo "2177"]
[BlackElo "2282"]
[EventDate "2008.02.15"]
[PlyCount "97"]

1. d4 Nf6 2. c4 e6 3. Nf3 b6 4. a3 Bb7 5. Nc3 d5 6. cxd5 Nxd5 7. Qc2 Be7 8. e4 Nxc3 9. bxc3 Nd7 10. Bd3 c5 11. O-O cxd4 12. cxd4 Rc8 13. Qe2 O-O 14. Bf4 Nf6 15. a4 Rc3 16. Bd2 Rxd3 17. Qxd3 Bxe4 18. Qe2 Qd5 19. Rfc1 Bd6 20. Ne1 Qf5 21. f3 Bb7 22. a5 Qh5 23. h3 Qh4 24. axb6 axb6 25. Ra7 Bd5 26. Qf2 Bg3 27. Qe3 Bb8 28. Ra6 Bb7 29. Ra4 b5 30. Ra5 Nd5 31. Qd3 Nf4 32. Bxf4 Bxf4 33. Rd1 b4 34. Nc2 Qg3 35. Nxb4 Qh2+ 36. Kf1 Bg3 37. Qe3 Bd6 38. Nd3 Rc8 39. Rc1 Rd8 40. Ra7 Bd5 41. Qg5 Rb8 42. Rd7 h6 43. Qe3 Ba3 44. Rd1 Bc4 45. Kf2 Rb3 46. Qf4 Rb2+ 47. Ke3 Re2+ 48. Kxe2 Qxg2+ 49. Ke3 1-0

[Event "GER-ch 79th"]
[Site "Bad Woerishofen "]
[Date "2008.02.19"]
[Round "5"]
[White "Grimberg, Boris"]
[Black "Gschnitzer, Oswald"]
[Result "0-1"]
[WhiteElo "2261"]
[BlackElo "2408"]
[EventDate "2008.02.15"]
[PlyCount "72"]

1. e4 c5 2. Nf3 d6 3. d4 cxd4 4. Nxd4 Nf6 5. Nc3 Nc6 6. Bc4 Qb6 7. Nb3 e6 8. Be3 Qc7 9. Bd3 Be7 10. O-O a6 11. f4 b5 12. Qf3 Bb7 13. g4 h6 14. Qh3 O-O-O 15. a4 b4 16. Nb5 axb5 17. axb5 Nb8 18. Ra7 Rd7 19. g5 Nxe4 20. Bxe4 d5 21. Bg2 Qc4 22. f5 Qxb5 23. fxe6 fxe6 24. Qxe6 hxg5 25. Nd4 Qc4 26. Rf7 Rh6 27. Qf5 Rf6 28. Rxf6 Bxf6 29. Nb3 Qe2 30. Qe6 Qe1+ 31. Bf1 d4 32. Qc4+ Bc6 33. Qg8+ Bd8 34. Bxg5 Qe4 35. h4 Qf3 36. Kh2 Qf2+ 0-1

[Event "GER-ch 79th"]
[Site "Bad Woerishofen "]
[Date "2008.02.19"]
[Round "5"]
[White "Gustafsson, Jan"]
[Black "Henrichs, Thomas"]
[Result "1-0"]
[WhiteElo "2607"]
[BlackElo "2481"]
[EventDate "2008.02.15"]
[PlyCount "85"]

1. d4 d5 2. c4 c6 3. Nf3 Nf6 4. Nc3 e6 5. Bg5 h6 6. Bxf6 Qxf6 7. e3 Nd7 8. Bd3 dxc4 9. Bxc4 g6 10. O-O Bg7 11. Rc1 O-O 12. Bb3 Qe7 13. Na4 Rd8 14. Qc2 Nf8 15. Ne5 Bd7 16. f4 Be8 17. Rfd1 Rac8 18. Qc5 Qxc5 19. Nxc5 Rc7 20. h4 Nd7 21. Ncxd7 Bxd7 22. g4 Be8 23. Kf2 Rdc8 24. Nd3 Bf8 25. Nc5 Rd8 26. g5 h5 27. Ba4 a5 28. a3 Ra8 29. Ne4 Be7 30. Rc3 Kg7 31. Rdc1 Rd8 32. Nc5 Ra8 33. Bd1 Ra7 34. Rb3 Bd7 35. Bf3 Bc8 36. Na4 Bd6 37. Nb6 Bd7 38. Rc4 Be8 39. Kg3 Ra6 40. e4 Kg8 41. e5 Bb4 42. d5 Rxb6 43. d6 1-0

[Event "GER-ch 79th"]
[Site "Bad Woerishofen "]
[Date "2008.02.19"]
[Round "5"]
[White "Huschenbeth, Niclas"]
[Black "Sieber, Patrick"]
[Result "1-0"]
[WhiteElo "2437"]
[BlackElo "2236"]
[EventDate "2008.02.15"]
[PlyCount "47"]

1. e4 e6 2. d4 d5 3. Nc3 Nf6 4. e5 Nfd7 5. f4 c5 6. Nf3 Nc6 7. Be3 a6 8. Qd2 b5 9. a3 g5 10. fxg5 cxd4 11. Nxd4 Ncxe5 12. Bd3 Bg7 13. O-O Nxd3 14. cxd3 O-O 15. a4 Nc5 16. axb5 e5 17. Nc6 Qd6 18. Nxd5 Kh8 19. Nb6 Nb3 20. Qc3 Be6 21. Nxa8 Rxa8 22. Rxa6 Rxa6 23. bxa6 e4 24. a7 1-0

[Event "GER-ch 79th"]
[Site "Bad Woerishofen "]
[Date "2008.02.19"]
[Round "5"]
[White "Lichmann, Peter"]
[Black "Neerforth, Philipp"]
[Result "1-0"]
[WhiteElo "2334"]
[BlackElo "2258"]
[EventDate "2008.02.15"]
[PlyCount "81"]

1. d4 Nf6 2. c4 g6 3. Nc3 d5 4. h4 Bg7 5. cxd5 Nxd5 6. h5 c5 7. Nf3 Nc6 8. h6 Bf6 9. e3 O-O 10. Ne4 cxd4 11. Nxf6+ Nxf6 12. Nxd4 Bg4 13. f3 Qc7 14. Qc2 Qg3+ 15. Qf2 Qxf2+ 16. Kxf2 Nxd4 17. exd4 Be6 18. Be3 Rac8 19. Bd3 Bc4 20. Bxc4 Rxc4 21. Rac1 Rfc8 22. Rxc4 Rxc4 23. Rc1 Rxc1 24. Bxc1 b5 25. Ke3 e6 26. d5 e5 27. d6 Kf8 28. b3 Ke8 29. Bb2 Ng8 30. Bxe5 Nxh6 31. Kd4 Kd7 32. Kc5 Nf5 33. Kxb5 Nxd6+ 34. Bxd6 Kxd6 35. Ka6 h5 36. Kxa7 Kc5 37. Kb7 Kb4 38. a4 Ka5 39. Kc6 g5 40. Kd5 f5 41. Ke5 1-0

[Event "GER-ch 79th"]
[Site "Bad Woerishofen "]
[Date "2008.02.19"]
[Round "5"]
[White "Markgraf, Alexander"]
[Black "Reuss, Andreas"]
[Result "1-0"]
[WhiteElo "2442"]
[BlackElo "2326"]
[EventDate "2008.02.15"]
[PlyCount "123"]

1. e4 d5 2. exd5 c6 3. dxc6 Nxc6 4. Nc3 e5 5. Bb5 Nf6 6. Nf3 Bd6 7. d3 O-O 8. Bxc6 bxc6 9. O-O Nd5 10. Re1 Bg4 11. h3 Bh5 12. g4 Bg6 13. Nxd5 cxd5 14. Nxe5 Qh4 15. Qf3 Rae8 16. Bf4 Qf6 17. Qg3 Bxe5 18. Bxe5 Qc6 19. Bc3 h6 20. Qf4 a6 21. Qd4 f6 22. Bb4 Rf7 23. Rxe8+ Qxe8 24. Re1 Qa4 25. Qc5 Kh7 26. a3 Qd7 27. Qd6 Qc8 28. Re2 f5 29. Qe6 Qb7 30. Bc3 fxg4 31. Qxg4 Bf5 32. Qg2 Qd7 33. Kh2 d4 34. Bb4 Qb5 35. Qg3 Bc8 36. Re7 Rxe7 37. Bxe7 Qf5 38. Bd6 Bb7 39. Be5 g5 40. h4 Kg6 41. hxg5 h5 42. Qf4 Qxf4+ 43. Bxf4 Bf3 44. Kg3 Bd1 45. c3 a5 46. cxd4 Bb3 47. Bd2 a4 48. Kf4 Be6 49. Ke5 Bf5 50. d5 h4 51. d6 h3 52. Bf4 Bd7 53. d4 h2 54. Bxh2 Kxg5 55. Kd5 Kf6 56. Kc5 Ke6 57. Kb6 Kf7 58. Kc7 Ke8 59. Be5 Bf5 60. d5 Bd7 61. f4 Bf5 62. b4 1-0

[Event "GER-ch 79th"]
[Site "Bad Woerishofen "]
[Date "2008.02.19"]
[Round "5"]
[White "Namyslo, Holger"]
[Black "Krause, Ullrich"]
[Result "1/2-1/2"]
[WhiteElo "2327"]
[BlackElo "2279"]
[EventDate "2008.02.15"]
[PlyCount "55"]

1. e4 e6 2. d4 d5 3. Nd2 Nf6 4. e5 Nfd7 5. Bd3 c5 6. c3 Nc6 7. Ndf3 Qb6 8. Ne2 cxd4 9. cxd4 f6 10. exf6 Nxf6 11. O-O Bd6 12. Nc3 O-O 13. Be3 Bd7 14. a3 Be8 15. Qc2 Bh5 16. Ng5 Nxd4 17. Bxh7+ Kh8 18. Qd3 e5 19. Bg6 e4 20. Bxe4 Ne2+ 21. Nxe2 dxe4 22. Nxe4 Qxb2 23. Nd4 Bg6 24. Qc3 Qxc3 25. Nxc3 Ng4 26. h3 Nxe3 27. fxe3 Rxf1+ 28. Kxf1 1/2-1/2